| 000 | 01995cam a2200385 i 4500 | ||
|---|---|---|---|
| 999 |
_c64540 _d64540 |
||
| 001 | 19146367 | ||
| 003 | CO-MdFUSB | ||
| 005 | 20180912112653.0 | ||
| 008 | 160622s2016 miuab b 001 0 eng | ||
| 010 | _a 2016025103 | ||
| 020 | _a9780801039188 (cloth) | ||
| 040 |
_aDLC _bspa _cCO-MdFUSB _erda _dCO-MdFUSB |
||
| 041 | _aeng | ||
| 042 | _apcc | ||
| 043 | _aaw----- | ||
| 082 | 0 | 0 |
_224 _aG 221.9 _bW927w |
| 245 | 0 | 4 |
_aThe World around the Old Testament _b: The People and Places of the Ancient Near East _c/ editado por Bill T. Arnold y Brent A. Strawn. |
| 264 | 1 |
_aGrand Rapids, Michigan : _bBaker Academic, a division of Baker Publishing Group, _c℗[2016]. |
|
| 264 | 4 | _c©2016 | |
| 300 |
_axxvi, 531 páginas : _bilustraciones, mapas ; _c24 cm |
||
| 336 |
_2rdacontent _atexto _btxt |
||
| 337 |
_2rdamedia _asin mediación _bn |
||
| 338 |
_2rdacarrier _avolumen _bnc |
||
| 501 | _aIncluye índice (páginas 501- 531) | ||
| 505 | _aLos amorreos / Daniel E. Fleming -- Asiria y los asirios / Christopher B. Hays con Peter Machinist -- Babilonia y los babilonios / David S. Vanderhooft -- Ugarit y los ugaritas / Mark S. Smith -- Egipto y los egipcios / Joel M. LeMon -- Los hititas y los hurritas / Billie Jean Collins -- Aram y los arameos / K. Lawson Younger Jr. -- Fenicia y los fenicios / Christopher A. Rollston -- Transjordania: los amonitas, los moabitas y los edomitas / Joel S. Burnett -- Filistea y los filisteos / Carl S. Ehrlich -- Persia y los persas / Pierre Briant -- Arabia y los árabes / David F. Graf -- Grecia y los griegos / Walter Burkert | ||
| 630 | 0 | 7 |
_aBiblia. _pAntiguo Testamento |
| 653 | _aMedio Este -- Historia | ||
| 700 | 1 |
_aArnold, Bill T., _eeditor. |
|
| 700 | 1 |
_aStrawn, Brent A., _eeditor. |
|
| 906 |
_a1 _bcbc _corignew _d1 _eecip _f20 _gy-gencatlg |
||
| 942 | _cBK | ||